000 00665nam a2200205Ia 4500
003 GCL
008 140319s9999 xx 000 0 ara d
040 _aGCL /
_cGCL
082 0 4 _a398.9
_bى ر
100 1 _aصلاح الدين البستانى
245 1 0 _aربع مليون مثل من امثال الشرق والغرب /
_cصلاح الدين البستانى
700 1 _aيوسف البستانى
260 _a[S.N] :
_bدار العرب الاسلامى ،
_c1987
300 _a253 ص
490 _a
650 0 4 _aالامثال العربية
650 0 4 _aالادب الشعبى
650 0 4 _aالامثال الغربية
942 _2ddc
_cBK
999 _c35468
_d35468